Homenaje de la Universidad de Chile a su ex Rector don Domingo Amunátegui Solar en el 75º aniversario de su nacimiento

Saved in:
Bibliografiske detaljer
Main Authors: Braun Menéndez, Armando (Author), Encina, Francisco Antonio (Author), Gandía, Enrique de (Author), Lafuente Machain, Ricardo de (Author), Levillier, Roberto (Author), Pereira Salas, Eugenio (Author), Roldán, Alcibíades (Author), Thayer Ojeda, Luis (Author), Torre Revello, José (Author), Cuadra Gormaz, Guillermo de la (Author), Azarola Gil, Luis Enrique (Author), Gómez Restrepo, Antonio (Author), Silva Castro, Raul (Author), Thayer Ojeda, Tomás (Author), Valle, Manuel Heliodoro (Author), Vicuña Cifuentes, Julio (Author), Cruchaga Ossa, Alberto (Author), Echeverría y Reyes, Aníbal (Author), Giménez Pastor, Arturo (Author), González, Manuel Pedro (Author), Saavedra Molina, Julio (Author), Torres Rioseco, Arturo (Author)
Institution som forfatter: Universidad de Chile (Author)
Andre forfattere: Edwards, Agustín (autor), Montaner Bello, Ricardo (autor), Oyarzún Navarro, Aureliano (autor), Opazo Maturana, Gustavo (autor), Feliú Cruz, Guillermo (autor), Marshall Henríquez , Enrique L. (autor), Orrego Barros, Carlos (autor), Donoso, Ricardo (autor), Oroz Scheibe, Rodolfo (autor), Oviedo Martínez, Benjamín (autor)
Format: Bog
Sprog:spansk
Udgivet: Santiago Imprenta Universitaria 1935
Udgivelse:1a. ed
Fag:
Tags: Tilføj Tag
Ingen Tags, Vær først til at tagge denne postø!

MARC

LEADER 00000nam a2200000 a 4500
001 UCJ5059
003 CL-VaPUC
008 070124e19350000CL |||||||||||||||||spa|d
082 0 4 |a 983  |b AMU  |2 21 
100 0 |a Braun Menéndez, Armando  |e author  |9 509787 
700 |a Edwards, Agustín  |e autor   |9 321017 
700 |a Encina, Francisco Antonio  |e author  |9 515542 
700 |a Gandía, Enrique de  |e author  |9 539979 
700 |a Lafuente Machain, Ricardo de  |e author  |9 447778 
700 |a Levillier, Roberto  |e author  |9 523218 
700 |a Montaner Bello, Ricardo  |e autor  |9 566007 
700 |a Oyarzún Navarro, Aureliano  |e autor  |9 366911 
700 0 |a Pereira Salas, Eugenio  |e author  |9 438311 
700 0 |a Roldán, Alcibíades  |e author  |9 509794 
700 0 |a Thayer Ojeda, Luis  |e author  |9 506615 
700 0 |a Torre Revello, José  |e author  |9 509795 
700 0 |a Cuadra Gormaz, Guillermo de la  |e author  |9 509796 
700 |a Opazo Maturana, Gustavo  |e autor  |9 564855 
700 0 |a Azarola Gil, Luis Enrique  |e author  |9 509798 
700 |a Feliú Cruz, Guillermo  |e autor  |9 392726 
700 0 |a Gómez Restrepo, Antonio  |e author  |9 493464 
700 |a Marshall Henríquez , Enrique L.  |e autor  |9 767501 
700 |a Orrego Barros, Carlos  |e autor  |9 538563 
700 0 |a Silva Castro, Raul  |e author  |9 504955 
700 0 |a Thayer Ojeda, Tomás  |e author  |9 507413 
700 0 |a Valle, Manuel Heliodoro  |e author  |9 509801 
700 0 |a Vicuña Cifuentes, Julio  |e author  |9 390304 
700 0 |a Cruchaga Ossa, Alberto  |e author  |9 509802 
700 |a Donoso, Ricardo  |e autor   |9 504246 
700 0 |a Echeverría y Reyes, Aníbal  |e author  |9 509803 
700 0 |a Giménez Pastor, Arturo  |e author  |9 509804 
700 0 |a González, Manuel Pedro  |e author  |9 509805 
700 0 |a Saavedra Molina, Julio  |e author  |9 509806 
700 0 |a Torres Rioseco, Arturo  |e author  |9 506755 
700 |a Oroz Scheibe, Rodolfo  |e autor  |9 316404 
700 |a Oviedo Martínez, Benjamín  |e autor  |9 505071 
110 2 |a Universidad de Chile  |e author  |9 509808 
245 1 0 |a Homenaje de la Universidad de Chile a su ex Rector don Domingo Amunátegui Solar en el 75º aniversario de su nacimiento 
246 1 4 |a Las cuatro fundaciones magallánicas 
246 1 0 |a Período de zozobras 
246 1 3 |a El nuevo concepto de la historia 
246 1 0 |a Límites de la gobernación de Juan Ortiz de Zárate 
246 1 3 |a El puerto de Santa María de Buen Aire 
246 1 3 |a El padre Vittoria y el justo título de los reyes de España a las Indias 
246 1 3 |a Un capítulo de la historia diplomática de Chile 
246 1 3 |a El método cultural histórico 
246 1 4 |a Las tentativas para la colocación de un empréstito chileno en los Estados Unidos 
246 1 3 |a El monasterio de Guadalupe 
246 1 0 |a Del gobierno parlamentario al sistema presidencial. Un capítulo de nuestra historia política 
246 1 3 |a La población de Valparaíso durante los primeros tres siglos de su existencia 
246 1 3 |a La cofradía del Buen Aire establecida en Sevilla en 1561 
246 1 0 |a Genealogía chilena 
246 1 0 |a Información genealógica de Juan Ortiz de Zárate 
246 1 0 |a Origen de las antiguas familias de Chillán. Tomo II, Biografía, Literatura y Educación 
246 1 0 |a Don José Arrieta 
246 1 0 |a Don José Toribio Medina: Los primeros años; la formación intelectual 
246 1 0 |a Don Domingo Amunátegui Solar 
246 1 3 |a El rectorado de don Domingo Amunátegui Solar 
246 1 3 |a La misión a la república del Plata, de don Diego Barros Arana 
246 1 0 |a Piezas para la legitimación de O'Higgins 
246 1 0 |a Algo más sobre la patria y la vida del autor del Purén indómito 
246 1 0 |a Para la biografía de Hernán Cortés 
246 1 0 |a Alejandro Aguinet 
246 1 0 |a Ercilla y el Derecho Internacional 
246 1 3 |a Un amigo de Blest Gana 
246 1 0 |a Cervantes. Jurisprudencia. Teología. Medicina. Geografía 
246 1 4 |a Una época bonaerense: El ochenta 
246 1 0 |a Algunas influencias perceptibles en la obra de Manuel José Othón 
246 1 0 |a Sobre un plagio de La Rochefoucauld a Cervantes 
246 1 0 |a Cuentistas chilenos del siglo XX 
246 1 0 |a Pedro Prado 
246 1 0 |a Juan Luis Vives y los humanistas de su tiempo ante el problema de la enseñanza del latín 
246 1 3 |a La educación popular en Chile 
246 1 0 |a Universidades modernas 
250 |a 1a. ed 
300 |a 2 v 
942 |c BK 
945 |d 20070124 00:00:00  |a rinostro 
260 |a Santiago  |b Imprenta Universitaria  |c 1935 
500 |a t.1: Don Domingo Amunátegui Solar. Su vida y sus obras 
600 0 |a Universidad de Chile  |9 257231 
600 0 7 |a AMUNATEGUI SOLAR, DOMINGO  |2 CL-VaPUC  |9 444723 
600 0 7 |a ALVAREZ DE TOLEDO, HERNANDO  |2 CL-VaPUC  |9 509809 
600 0 7 |a PUREN INDOMITO  |2 CL-VaPUC  |9 509810 
600 0 7 |a CORTES, HERNAN  |2 CL-VaPUC  |9 258554 
600 0 7 |a AGUINET, ALEJANDRO  |2 CL-VaPUC  |9 509811 
600 0 |a Ercilla y Zúñiga, Alonso de   |e autor  |9 267605 
600 0 |a Blest Gana, Alberto  |9 344235 
600 0 |a Cervantes y Saavedra, Miguel de  |9 267947 
600 0 7 |a OTHON, MANUEL JOSE  |2 CL-VaPUC  |9 509812 
600 0 7 |a PRADO, PEDRO  |2 CL-VaPUC  |9 315575 
600 0 7 |a VIVES, JUAN LUIS  |2 CL-VaPUC  |9 256558 
600 0 7 |a VITORIA, FRANCISCO DE  |2 CL-VaPUC  |9 255729 
650 7 |a HOMENAJE  |2 CL-VaPUC  |9 333787 
650 0 |a Universidades chilenas  |9 407335 
650 7 |a BIOGRAFIA  |2 CL-VaPUC  |9 504622 
650 0 |a Diplomacia  |9 256483 
650 0 |a Poesía épica   |9 269163 
650 0 |a Crítica literaria   |9 269189 
650 0 |a Derecho internacional  |9 255637 
650 0 |a Justicia   |9 255408 
650 0 |a Medicina   |9 258507 
650 0 |a Educación  |9 258661 
650 0 |a Latín   |9 269544 
650 0 |a Genealogía  |9 255285 
650 0 |a Historia local  |9 266584 
650 0 |a Población  |9 257577 
650 0 |a Demografía   |9 260008 
650 7 |a DEUDA EXTERNA  |2 CL-VaPUC  |9 314619 
650 0 |a Derecho internacional  |9 255637 
650 0 |a Límites   |9 255439 
650 0 |a Historia de Chile  |9 265473 
651 0 |a Chillán  |9 344249 
651 7 |a BUENOS AIRES  |2 CL-VaPUC  |9 255286 
651 0 |a Valparaíso, Chile  |9 261144 
583 |a last modification  |c 20181011 04:49:45  |k Rodrigo Vera 
999 |c 321172  |d 321170 
952 |0 0  |1 0  |4 0  |6 983_000000000000000_AMU_1935  |7 0  |8 X  |9 399853  |a FDOBUD  |b FDOBUD  |d 2019-11-22  |h t.1  |i 1033522  |o 983 AMU 1935  |p 1033522  |r 2019-11-22  |w 2019-11-22  |y BK_X  |k BUD 
952 |0 0  |1 0  |4 0  |6 983_000000000000000_AMU_1935  |7 0  |8 X  |9 399854  |a FDOBUD  |b FDOBUD  |d 2019-11-22  |h t.2  |i 1029428  |o 983 AMU 1935  |p 1029428  |r 2019-11-22  |w 2019-11-22  |y BK_X  |k BUD